Μη μεταλλικά τεχνικά υλικά : δομή-ιδιότητες-τεχνολογία-εφαρμογές

Αποθηκεύτηκε σε:
Λεπτομέρειες βιβλιογραφικής εγγραφής
Κύριος συγγραφέας: Παντελής, Δημήτρης Ι.
Μορφή: Βιβλίο
Γλώσσα:Greek
Δημοσίευση: Αθήνα : Παπασωτηρίου, 1996
Θέματα:
Ετικέτες: Προσθήκη ετικέτας
Δεν υπάρχουν, Καταχωρήστε ετικέτα πρώτοι!

MARC

LEADER 00000cam a2200000 i 4500
001 1/35193
008 030410s1996 gre d
020 |a 960-7510-29-1 
035 |l 10069837 
040 |a GR-MY-UA  |b gre  |e aacr 
041 0 |a gre 
082 0 |a 620.11  |2 (21) 
100 1 |a Παντελής, Δημήτρης Ι. 
245 1 0 |a Μη μεταλλικά τεχνικά υλικά :  |b δομή-ιδιότητες-τεχνολογία-εφαρμογές /  |c Δημήτρης Ι. Παντελής 
260 |a Αθήνα :   |b Παπασωτηρίου,   |c 1996 
300 |a 262 σ.;  |b εικ.;  |c 24 εκ. 
504 |a Βιβλιογραφία: (σ. 253-256) και ευρετήριο 
650 0 0 |a Nonmetallic materials  |x Testing. 
650 0 0 |a Strength of materials. 
852 |a INST  |b CHIOS  |e 20100930  |h 620.11 ΠΑΝ  |p 005200031967  |q 005200031967  |t BK  |y 0 
852 |a INST  |b LEMNOS  |e 20100129  |h 620.11 ΠΑΝ  |p 005600000311  |q 005600000311  |t BK  |y 0 
852 |a INST  |b LESVOS  |e 20100319  |h 620.11 ΠΑΝ  |p 005100046968  |q 005100046968  |t BK  |y 0 
852 |a INST  |b SAMOS  |e 20091215  |h 620.11 ΠΑΝ  |p 005300031057  |q 005300031057  |t BK  |y 0 
852 |a INST  |b SYROS  |e 20030523  |h 620.11 ΠΑΝ  |p 005500003473  |q 005500003473  |t BK  |y 0 
852 |a INST  |b SYROS  |e 20030523  |h 620.11 ΠΑΝ  |p 005500003474  |q 005500003474  |t BK  |y 0 
852 |a INST  |b SYROS  |e 20030523  |h 620.11 ΠΑΝ  |p 005500003475  |q 005500003475  |t BK  |y 0 
852 |a INST  |b SYROS  |e 20030523  |h 620.11 ΠΑΝ  |p 005500003476  |q 005500003476  |t BK  |y 0 
852 |a INST  |b SYROS  |e 20030410  |h 620.11 ΠΑΝ  |p 005500003477  |q 005500003477  |t BK  |y 0 
901 |a BIBL3-2009-3 
901 |a BIBL5-2003-1 
901 |a BIBL6-2010-1 
901 |a BIBL1-2010-1 
901 |a BIBL2-2010-3 
909 |a Σ  |b 158347 
909 |a Ε  |b 103753 
909 |a Ε  |b 103752 
909 |a Ε  |b 103754 
909 |a Ε  |b 103755 
909 |a Ε  |b 103756 
909 |a Μ  |b 159297 
909 |a Λ  |b 163041 
909 |a Χ  |b 148883 
970 |a ΚΟΝΤΟΥ  |b ΠΑΡΑΣΚΕΥΗ  |z 2003/04/10